Top 10 cities in Afganistan. (in km²) - Statistics

General Stats
  • This quiz has been taken 7 times
  • The average score is 2 of 10
Answer Stats
Hint Answer % Correct
1028,24 km² Kabul
100%
around 530 km² Herat
60%
around 90 km² Jalalabad
20%
around 500 km² Kandahar
20%
around 150 km² Kunduz
0%
around 60 km² lashkargah
0%
around 200 km² Mazar-i-Sharif
0%
around 30 km² Puli khumri
0%
around 20 km² Sheberghan
0%
around 30 km² Taloqan
0%
No matching quizzes found
Score Distribution
Percent of People with Each Score
Percentile by Number Answered
Your Score History
You have not taken this quiz